Štatistická analýza údajov získaných pomocou ankety bakalárska práca

Uložené v:
Podrobná bibliografia
Hlavný autor: Tlapová, Katarína
Korporativný autor: Fakulta hospodárskej informatiky EU. Katedra štatistiky
Ďalší autori: Kotlebová, Eva
Médium: Kniha
Jazyk:Slovak
Vydavateľské údaje: Bratislava 2011
Tagy: Pridať tag
Žiadne tagy, Buďte prvý, kto otaguje tento záznam!

MARC

LEADER 00000nbm a2200000 4500
001 0141321
005 20161109111749.5
041 0 |a slo 
044 |a SK 
245 1 0 |a Štatistická analýza údajov získaných pomocou ankety  |b bakalárska práca  |c Katarína Tlapová ; školiteľ: Eva Kotlebová 
264 1 |a Bratislava  |c 2011 
300 |a 56 s. 
100 1 |a Tlapová, Katarína 
700 1 |a Kotlebová, Eva 
710 2 |a Fakulta hospodárskej informatiky EU. Katedra štatistiky